[Event "Titled Tuesday intern op 27th Feb Late"]
[Site "Chess.com INT"]
[Date "2024.02.27"]
[Round "2"]
[White "Donda, Jazmin"]
[Black "Balla, Tamas Kristof"]
[Result "0-1"]
[WhiteElo "1706"]
[BlackElo "2283"]
[PlyCount "106"]
[EventDate "2024.02.27"]
[EventType "swiss (blitz)"]
[EventRounds "11"]
[EventCountry "USA"]
[SourceTitle "CB10_2024"]
[SourceDate "2024.03.06"]
[SourceVersion "1"]
[SourceVersionDate "2024.03.06"]
[SourceQuality "1"]

1. d4 d5 2. c4 e6 3. Nf3 c5 4. cxd5 exd5 5. dxc5 Bxc5 6. e3 Nf6 7. Nc3 Bg4 8. Be2 0-0 9. 0-0 Nc6 10. h3 Bh5 11. b3 Re8 12. Bb2 a6 13. Rc1 Bd6 14. Qd2 Bc7 15. Rfd1 Qd6 16. Nxd5 Bxf3 17. Nxf6+ gxf6 18. Qxd6 Bxd6 19. Bxf3 Be5 20. Bxc6 Bxb2 21. Bxe8 Bxc1 22. Rxc1 Rxe8 23. Rc7 b5 24. Ra7 Re6 25. Kf1 Rc6 26. g4 Kg7 27. Kg2 Kg6 28. a4 bxa4 29. bxa4 Rb6 30. Kf3 h6 31. a5 Rc6 32. Ke4 Re6+ 33. Kd5 Re5+ 34. Kc4 Rxa5 35. Kb4 Ra2 36. f4 Re2 37. Rxa6 Rxe3 38. f5+ Kg5 39. Ra7 Rxh3 40. Rxf7 Rg3 41. Rg7+ Kh4 42. Rg6 Rxg4+ 43. Kc5 Rf4 44. Rxf6 Kg5 45. Rf8 Rxf5+ 46. Rxf5+ Kxf5 47. Kd4 Kf4 48. Kd3 Kf3 49. Kd2 h5 50. Ke1 Kg2 51. Ke2 h4 52. Ke3 h3 53. Ke2 h2 0-1

[Event "Titled Tuesday intern op 16th Jan Late"]
[Site "Chess.com INT"]
[Date "2024.01.16"]
[Round "3"]
[White "Donda, Jazmin"]
[Black "Golubev, Mikhail"]
[Result "0-1"]
[WhiteElo "1706"]
[BlackElo "2461"]
[PlyCount "78"]
[EventDate "2024.01.16"]
[EventType "swiss (blitz)"]
[EventRounds "11"]
[EventCountry "USA"]
[SourceTitle "CB04_2024"]
[SourceDate "2023.10.16"]
[SourceVersion "1"]
[SourceVersionDate "2023.10.16"]
[SourceQuality "1"]

1. e4 g6 2. d4 Bg7 3. c4 d6 4. Nc3 Nc6 5. Nf3 Bg4 6. Be3 e5 7. d5 Nd4 8. Be2 Bxf3 9. Bxf3 Ne7 10. Bxd4 exd4 11. Nb5 c6 12. Nxd4 Qb6 13. Nb3 Bxb2 14. Rb1 Bc3+ 15. Nd2 Bxd2+ 16. Ke2 Qa6 17. Qxd2 Qxc4+ 18. Ke1 cxd5 19. exd5 0-0 20. Be2 Qxd5 21. Qxd5 Nxd5 22. Rxb7 Rfb8 23. Rxb8+ Rxb8 24. Kd2 Rb2+ 25. Ke1 Rb1+ 26. Bd1 Nc3 27. Kd2 Rxd1+ 28. Rxd1 Nxd1 29. Kxd1 Kf8 30. Kd2 Ke7 31. Kd3 d5 32. Kd4 Kd6 33. a4 a5 34. g4 g5 35. h3 h6 36. f3 f6 37. Kd3 Ke5 38. Ke3 d4+ 39. Kd3 Kd5 0-1

[Event "ARG-ch (Women) 74th"]
[Site "Buenos Aires"]
[Date "2023.11.24"]
[Round "5"]
[White "Campos, Maria Jose"]
[Black "Donda, Jazmin"]
[Result "1-0"]
[WhiteElo "2208"]
[BlackElo "1825"]
[PlyCount "101"]
[EventDate "2023.11.20"]
[EventType "swiss"]
[EventRounds "9"]
[EventCountry "ARG"]
[SourceTitle "CB49_2023"]
[SourceDate "2023.12.06"]
[SourceVersion "1"]
[SourceVersionDate "2023.12.06"]
[SourceQuality "1"]

1. c4 c6 2. Nf3 d5 3. g3 Nf6 4. b3 Bf5 5. Bg2 e6 6. 0-0 Be7 7. Bb2 h6 8. d3 0-0 9. Nbd2 Nbd7 10. Qc2 a5 11. a3 Rc8 12. Rab1 Bh7 13. Rfc1 b5 14. Qd1 Qb6 15. cxb5 cxb5 16. Rxc8 Rxc8 17. b4 axb4 18. axb4 Qb8 19. Qb3 Qd6 20. Qa2 Bd8 21. Bh3 Bb6 22. Qa1 Bc7 23. Qa7 Bb6 24. Qa3 g5 25. Nd4 Bxd4 26. Bxd4 g4 27. Bg2 e5 28. Bb2 e4 29. Bd4 exd3 30. exd3 Qc6 31. Bf1 Qc2 32. Qb2 Qxb2 33. Rxb2 Rc1 34. Kg2 Kf8 35. Nb3 Rc8 36. Nc5 h5 37. h3 Bf5 38. hxg4 hxg4 39. Be2 Ke7 40. Ra2 Rc7 41. Ra5 Ne8 42. Rxb5 Nd6 43. Ra5 Nxc5 44. Rxc5 Rxc5 45. Bxc5 Kd7 46. Bxd6 Kxd6 47. d4 Bd7 48. Kf1 Kc7 49. Ke1 Kb6 50. Kd2 f5 51. Bd3 1-0

[Event "ARG-ch U20"]
[Site "Buenos Aires"]
[Date "2023.02.18"]
[Round "4"]
[White "Quiroga Ortiz, Isabella"]
[Black "Donda, Jazmin"]
[Result "0-1"]
[WhiteElo "1179"]
[BlackElo "1557"]
[PlyCount "126"]
[EventDate "2023.02.17"]
[EventType "swiss"]
[EventRounds "9"]
[EventCountry "ARG"]
[SourceTitle "EXT 2024"]
[Source "ChessBase"]
[SourceDate "2023.10.10"]
[SourceVersion "1"]
[SourceVersionDate "2023.10.10"]
[SourceQuality "1"]

1. e4 c6 2. Nf3 d5 3. Nc3 dxe4 4. Nxe4 Bg4 5. h3 Bxf3 6. Qxf3 e6 7. Bc4 Nd7 8. Bb3 Ngf6 9. Nxf6+ Nxf6 10. d3 Bc5 11. Bd2 a5 12. c3 Qb6 13. Rb1 Qc7 14. 0-0 Qd7 15. Bf4 a4 16. Bc2 Qd5 17. Qxd5 Nxd5 18. Bd2 Be7 19. d4 b5 20. Bd3 0-0 21. f4 Rfd8 22. Bc2 c5 23. Rbd1 cxd4 24. cxd4 Bf6 25. Bc1 Nb4 26. Bb1 Bxd4+ 27. Kh1 Bf6 28. Be3 Bxb2 29. Rde1 Bf6 30. Be4 Nd5 31. Bxd5 Rxd5 32. Kh2 g6 33. Rd1 Rad8 34. Rxd5 Rxd5 35. Rc1 Bd4 36. Bxd4 Rxd4 37. Kg3 Rd3+ 38. Kh2 h5 39. Rc2 Kf8 40. Rc8+ Ke7 41. Rc7+ Kf6 42. Rc2 Kf5 43. g3 h4 44. gxh4 Kxf4 45. Rf2+ Rf3 46. Rb2 e5 47. Re2 b4 48. Rc2 Kf5 49. Rb2 b3 50. axb3 a3 51. Ra2 Rxb3 52. Kg1 Rb1+ 53. Kf2 Rb2+ 54. Rxb2 axb2 55. Ke3 b1Q 56. h5 gxh5 57. h4 Qb3+ 58. Kd2 Ke4 59. Ke2 Qa2+ 60. Kf1 Ke3 61. Kg1 Kf3 62. Kh1 Kg3 63. Kg1 Qb1# 0-1

[Event "Rio Grande op 22nd"]
[Site "Rio Grande"]
[Date "2022.10.22"]
[Round "7"]
[White "Sosa, Ricardo Hugo"]
[Black "Donda, Jazmin"]
[Result "1/2-1/2"]
[WhiteElo "1810"]
[BlackElo "1360"]
[PlyCount "77"]
[EventDate "2022.10.19"]
[EventType "swiss"]
[EventRounds "7"]
[EventCountry "ARG"]
[SourceTitle "EXT 2024"]
[Source "ChessBase"]
[SourceDate "2023.10.10"]
[SourceVersion "1"]
[SourceVersionDate "2023.10.10"]
[SourceQuality "1"]

1. e4 c6 2. d4 d5 3. Nc3 dxe4 4. Nxe4 Bf5 5. Ng3 Bg6 6. h4 h6 7. Nh3 Nf6 8. Nf4 Bh7 9. c3 e6 10. Bd3 Bxd3 11. Nxd3 Bd6 12. Bf4 Bxf4 13. Nxf4 Nbd7 14. Ngh5 0-0 15. Qf3 Nxh5 16. Nxh5 Nf6 17. Nxf6+ Qxf6 18. Qxf6 gxf6 19. 0-0-0 Rad8 20. Rh3 Kh7 21. Rf3 f5 22. g3 Kg6 23. Kc2 Kh5 24. c4 Rd6 25. Kc3 a5 26. Re1 Rfd8 27. Rf4 Kg6 28. Re5 b6 29. c5 Rd5 30. cxb6 Rb8 31. b3 Rxb6 32. Rf3 Rbb5 33. Rxd5 cxd5 34. Kc2 Rb4 35. Rd3 Kh5 36. a3 Rb7 37. f4 Kg4 38. Rc3 Kh3 39. Kb2 1/2-1/2

[Event "Rio Grande op 22nd"]
[Site "Rio Grande"]
[Date "2022.10.21"]
[Round "5"]
[White "Donda, Jazmin"]
[Black "Luna, Ricardo Roberto"]
[Result "1-0"]
[WhiteElo "1360"]
[BlackElo "1759"]
[PlyCount "101"]
[EventDate "2022.10.19"]
[EventType "swiss"]
[EventRounds "7"]
[EventCountry "ARG"]
[SourceTitle "EXT 2024"]
[Source "ChessBase"]
[SourceDate "2023.10.10"]
[SourceVersion "1"]
[SourceVersionDate "2023.10.10"]
[SourceQuality "1"]

1. d4 e6 2. c4 c5 3. Nf3 Nf6 4. Nc3 b6 5. d5 exd5 6. Nxd5 Bb7 7. Bg5 Be7 8. Bxf6 Bxf6 9. Rb1 Nc6 10. e4 Ne7 11. Bd3 Nxd5 12. exd5 d6 13. Qa4+ Kf8 14. 0-0 g6 15. Qc2 Kg7 16. Rfe1 Re8 17. Rxe8 Qxe8 18. Re1 Qd7 19. h3 Re8 20. Rxe8 Qxe8 21. Kf1 b5 22. b3 b4 23. Nd2 Qe5 24. Ne4 Qa1+ 25. Ke2 Be7 26. g3 Bc8 27. h4 Qh1 28. Qb1 Bg4+ 29. Kd2 Qf3 30. Qe1 Bf6 31. Kc2 Bd4 32. Ng5 Qxf2+ 33. Qxf2 Bxf2 34. Ne4 Be1 35. Nxd6 f5 36. Nb7 Bxg3 37. Nxc5 f4 38. Ne4 Bxh4 39. c5 Kf7 40. c6 f3 41. c7 f2 42. Nd6+ Ke7 43. c8Q Bxc8 44. Nxc8+ Kd7 45. Nxa7 g5 46. Kd2 g4 47. Ke2 g3 48. Kf1 Kd6 49. Bc4 h5 50. Nc6 Kc5 51. Kg2 1-0